000
00315nam a22001337a 4500
008
170914b xxu||||| |||| 00| 0 eng d
020
_a
9780141003689
041
_a
eng
080
_a
7
100
_a
7
101
_a
ART
245
_a
A PLSCE TO STAY 30 EXTRAORDINARY HOTELS
_c
CASSLPY/M
942
_2
udc
_c
BK
999
_c
27616
_d
27616